000 00623nam a2200217Ia 4500
003 GCL
008 140319s9999 xx 000 0 eng d
020 _a0751351989
040 _aGCL /
_cGCL
082 0 4 _a909
_bN D
100 1 _aNOORDEN, DJINN VON
245 1 0 _aTHE DORLING KINDERSLEY HISTORY OF THE WORLD :
_bPLANTAGENET SOMERSET FRY /
_cNOORDEN, DJINN VON
700 1 _aPICKERING, DAVID
260 _aانجلترا :
_bDORLING KINDERSLEY ،
_c1994
300 _a384 P P
650 0 4 _aHISTORY
650 0 4 _aWORLD HISTORY
650 0 4 _aHISTORY, MODERN
650 0 4 _aHISTORY, MEDIEVAL PERIOD
942 _2ddc
_cBK
999 _c12232
_d12232